[Event "Championnat de France - Accession"]
[Site "Nimes"]
[Date "2009.08.13"]
[Round "3.5"]
[White "Bonn, Thomas"]
[Black "Shirazi, Kamran"]
[Result "0-1"]
[WhiteElo "2225"]
[BlackElo "2384"]
[PlyCount "61"]
[EventDate "2009.??.??"]

1. e4 c5 2. Nf3 e6 3. Nc3 a6 4. d4 b5 5. d5 Nf6 6. Bg5 d6 7. dxe6 Bxe6 8. a4 b4
9. Nd5 Nbd7 10. Bc4 Be7 11. O-O O-O 12. Re1 Bg4 13. Bf4 Nxd5 14. Bxd5 Ra7 15.
a5 Bf6 16. Bxd6 Bxb2 17. Rb1 Bc3 18. Re3 Be5 19. Bxf8 Kxf8 20. h3 Bxf3 21. Rxf3
Nf6 22. Rf5 Bd4 23. Qd3 g6 24. Rf3 Qc7 25. Rd1 Qxa5 26. g4 Rd7 27. Qe2 Qb6 28.
Bc4 Ke7 29. Kh1 a5 30. g5 Nh5 31. Bb3 {suite illisible} 0-1

[Event "Championnat de France - Accession"]
[Site "Nimes"]
[Date "2009.08.13"]
[Round "3.6"]
[White "Benitah, Yohan"]
[Black "Lefebvre, Herve"]
[Result "1-0"]
[WhiteElo "2383"]
[BlackElo "2279"]
[PlyCount "67"]

1. d4 Nf6 2. c4 g6 3. Nc3 Bg7 4. e4 d6 5. Nf3 O-O 6. Be2 e5 7. O-O Nc6 8. d5
Ne7 9. Ne1 Nd7 10. Be3 f5 11. f3 f4 12. Bf2 g5 13. b4 h5 14. c5 Nf6 15. cxd6
cxd6 16. Rc1 Ne8 17. a4 Rf7 18. a5 Ng6 19. Nb5 Bd7 20. Nxa7 Bf8 21. b5 g4 22.
fxg4 f3 23. Bxf3 hxg4 24. Bxg4 Rxf2 25. Rxf2 Rxa7 26. Bf5 Bxf5 27. exf5 Nf4 28.
Nd3 Nf6 29. Nxf4 exf4 30. Qe1 Qxa5 31. Qe6+ Kg7 32. Rxf4 Qb6+ 33. Kh1 Qxb5 34.
Rc7+ 1-0

[Event "Championnat de France - Accession"]
[Site "Nimes"]
[Date "2009.08.13"]
[Round "3.7"]
[White "Bailet, Pierre"]
[Black "Mancini, Mario"]
[Result "1-0"]
[WhiteElo "2352"]
[BlackElo "2269"]
[PlyCount "97"]

1. e4 e5 2. Nf3 Nc6 3. Bb5 a6 4. Ba4 Nf6 5. O-O b5 6. Bb3 Bc5 7. c3 d6 8. a4
Rb8 9. d3 h6 10. Nbd2 O-O 11. axb5 axb5 12. Re1 Be6 13. Bxe6 fxe6 14. Nf1 Kh8
15. d4 exd4 16. cxd4 Bb6 17. Be3 d5 18. e5 Ne4 19. Ng3 Nxg3 20. hxg3 Qe8 21.
Qd3 Ne7 22. Bd2 c5 23. dxc5 Bxc5 24. Rec1 Bb6 25. Bb4 Rf7 26. Ra6 Nc8 27. Bc5
Rc7 28. b4 Ne7 29. Nd4 Bxc5 30. Rxc5 Rxc5 31. bxc5 b4 32. Rxe6 Qd8 33. c6 Rb6
34. Rd6 Qc8 35. Ne6 Nxc6 36. Qg6 Qg8 37. Nd8 Nxe5 38. Nf7+ Nxf7 39. Rxb6 Ne5
40. Qf5 Qd8 41. Rxb4 Qc7 42. Qf4 h5 43. Qg5 g6 44. Rb1 Qd6 45. Qf4 Kg7 46. Qd4
Kf7 47. Rb6 Qd8 48. Qf4+ Kg8 49. Re6 1-0

[Event "Championnat de France - Accession"]
[Site "Nimes"]
[Date "2009.08.13"]
[Round "3.8"]
[White "Boudre, Jean-Pierre"]
[Black "Schabanel, Stephane"]
[Result "1/2-1/2"]
[WhiteElo "2337"]
[BlackElo "2259"]
[PlyCount "55"]

1. e4 e6 2. d4 d5 3. Nd2 Be7 4. c3 c5 5. dxc5 Bxc5 6. Bd3 Nf6 7. Qe2 Nc6 8.
Ngf3 Bb6 9. O-O O-O 10. e5 Nd7 11. Nb3 f6 12. exf6 Nxf6 13. Nbd4 Bxd4 14. cxd4
Qb6 15. Be3 Bd7 16. a3 a5 17. Rac1 Be8 18. Ne5 Bh5 19. f3 Rfc8 20. Bf2 Ne7 21.
Rc5 Rc7 22. Rfc1 Rac8 23. g4 Be8 24. g5 Nd7 25. Nxd7 Bxd7 26. Bxh7+ Kh8 27. Bd3
Nc6 28. f4 1/2-1/2

[Event "Championnat de France - Accession"]
[Site "Nimes"]
[Date "2009.08.13"]
[Round "3.9"]
[White "Crut, Aurelien"]
[Black "Maleki, Nicolas"]
[Result "1-0"]
[WhiteElo "2335"]
[BlackElo "2165"]
[PlyCount "73"]

1. e4 c6 2. c4 d5 3. exd5 cxd5 4. cxd5 Nf6 5. Qa4+ Nbd7 6. Nc3 g6 7. Bc4 Bg7 8.
d3 O-O 9. Qb3 Nb6 10. Be3 Bf5 11. Nge2 Ng4 12. Bxb6 axb6 13. O-O Qd6 14. Ng3 h5
15. h3 Nxf2 16. Nxf5 gxf5 17. Rxf2 Bd4 18. Raf1 Kh7 19. Nb5 Bxf2+ 20. Rxf2 Qe5
21. Qd1 Kh6 22. Qe2 Qxe2 23. Rxe2 Kg5 24. Nc7 Rad8 25. Rxe7 Kf4 26. Kf2 Rd6 27.
g3+ Kg5 28. Nb5 Rdd8 29. d6 Kf6 30. Rxb7 h4 31. d4 hxg3+ 32. Kxg3 Rde8 33. d7
Rg8+ 34. Kf3 Re4 35. Rxb6+ Kg5 36. Bxf7 Rd8 37. Be8 1-0

[Event "Championnat de France - Accession"]
[Site "Nimes"]
[Date "2009.08.13"]
[Round "3.10"]
[White "Le Goff, Damien"]
[Black "Bissieres, Matthieu"]
[Result "1/2-1/2"]
[WhiteElo "2270"]
[BlackElo "2300"]
[PlyCount "67"]

1. e4 d6 2. d4 Nf6 3. Nc3 e5 4. dxe5 dxe5 5. Qxd8+ Kxd8 6. Bc4 Bb4 7. Bd2 Be6
8. Bxe6 fxe6 9. O-O-O Ke7 10. Nd5+ Nxd5 11. exd5 Bxd2+ 12. Rxd2 Rd8 13. dxe6
Rxd2 14. Kxd2 Nc6 15. c3 Kxe6 16. Nh3 Kf5 17. f3 Ne7 18. Re1 Rd8+ 19. Kc2 Nd5
20. Nf2 Nf6 21. a4 h5 22. Ne4 Nxe4 23. Rxe4 g5 24. h3 h4 25. b4 Rd5 26. Rg4 c6
27. Re4 a5 28. bxa5 Rxa5 29. Kb3 Rd5 30. Kc2 Ra5 31. Kb3 b5 32. axb5 Rxb5+ 33.
Kc2 Ra5 34. Kb2 1/2-1/2

[Event "Championnat de France - Accession"]
[Site "Nimes"]
[Date "2009.08.13"]
[Round "3.11"]
[White "Dubreuil, Julien"]
[Black "Daurelle, Herve"]
[Result "1-0"]
[WhiteElo "2250"]
[BlackElo "2292"]
[PlyCount "121"]

1. e4 e5 2. Nf3 Nc6 3. Bb5 a6 4. Ba4 Nf6 5. O-O Be7 6. Re1 b5 7. Bb3 d6 8. c3
O-O 9. h3 Re8 10. Ng5 Rf8 11. Nf3 Bb7 12. d4 Re8 13. Ng5 Rf8 14. Nf3 Re8 15.
Ng5 Rf8 16. Nf3 Re8 17. Ng5 Rf8 18. Nf3 Nd7 19. Nbd2 Bf6 20. Nf1 exd4 21. cxd4
Na5 22. Bc2 c5 23. d5 Nc4 24. Rb1 Re8 25. b3 Nce5 26. N3h2 Ng6 27. Ne3 Rc8 28.
Nf5 Nb6 29. Ng4 c4 30. Be3 Bc3 31. Qf3 Ne5 32. Ngh6+ gxh6 33. Qg3+ Ng6 34. Bxb6
Qf6 35. Nxh6+ Kh8 36. Nxf7+ Kg7 37. Nxd6 Bxe1 38. Bd4 Re5 39. Rxe1 Qxd6 40. f4
Qb4 41. Bxe5+ Kf7 42. bxc4 Rxc4 43. Bd3 Rc8 44. Ba1 Rg8 45. Qf2 Ke8 46. Rc1 Qd6
47. Rf1 Bc8 48. f5 Ne5 49. Be2 Nc4 50. Bxc4 bxc4 51. f6 Kf7 52. Qf3 c3 53. Bxc3
Rg3 54. Qh5+ Kf8 55. Qh6+ Kf7 56. Qxh7+ Kf8 57. Qg7+ Rxg7 58. fxg7+ Kg8 59.
Rf8+ Qxf8 60. gxf8=Q+ Kxf8 61. Kf2 1-0

[Event "Championnat de France - Accession"]
[Site "Nimes"]
[Date "2009.08.13"]
[Round "3.12"]
[White "Saada, Julien"]
[Black "Maatoug, Redwan"]
[Result "1-0"]
[WhiteElo "2289"]
[BlackElo "2245"]
[PlyCount "68"]

1. d4 d5 2. c4 e5 3. dxe5 d4 4. Nf3 Nc6 5. g3 Bg4 6. Bg2 Qd7 7. O-O O-O-O 8.
Qb3 Na5 9. Qb5 Qxb5 10. cxb5 Bxf3 11. exf3 Nc4 12. f4 Ne7 13. Nd2 Nb6 14. Nb3
Ned5 15. Rd1 Nb4 16. Rxd4 Be7 17. Be3 Nc2 18. Rxd8+ Rxd8 19. Rc1 Nxe3 20. fxe3
Na4 21. Rc2 Rd1+ 22. Kf2 Rb1 23. Be4 Rxb2 24. Rxb2 Nxb2 25. Bxh7 Nd1+ 26. Kf3
Nc3 27. Bg8 Nxa2 28. Bxf7 Nc3 29. Bc4 c6 30. bxc6 b5 31. Bd3 Kc7 32. h4 Kxc6
33. h5 Bd8 34. g4 a5 1-0

[Event "Championnat de France - Accession"]
[Site "Nimes"]
[Date "2009.08.13"]
[Round "3.13"]
[White "Platel, Alexandre"]
[Black "Romieux, Sebastien"]
[Result "1/2-1/2"]
[WhiteElo "2206"]
[BlackElo "2284"]
[PlyCount "54"]

1. e4 c5 2. Nf3 Nc6 3. Bb5 d6 4. O-O Bd7 5. Re1 Nf6 6. h3 Ne5 7. Nxe5 Bxb5 8.
a4 Qa5 9. Nc3 dxe5 10. Nxb5 a6 11. Nc3 e6 12. Qf3 c4 13. Qg3 Nh5 14. Qg5 g6 15.
Nd5 Bd6 16. b4 cxb3 17. Ba3 exd5 18. Bxd6 f6 19. Qg4 Ng7 20. d4 b2 21. Rab1 Rd8
22. dxe5 Kf7 23. Qf3 Rhe8 24. Qxf6+ Kg8 25. Red1 Qc3 26. Be7 Rd7 27. e6 Qxf6
1/2-1/2

[Event "Championnat de France - Accession"]
[Site "Nimes"]
[Date "2009.08.13"]
[Round "3.14"]
[White "Ollier, Pablo"]
[Black "Guilleux, Fabien"]
[Result "1/2-1/2"]
[WhiteElo "2226"]
[BlackElo "2381"]
[PlyCount "58"]

1. d4 Nf6 2. c4 g6 3. Nc3 d5 4. cxd5 Nxd5 5. e4 Nxc3 6. bxc3 Bg7 7. Bb5+ c6 8.
Ba4 O-O 9. Ne2 b5 10. Bb3 Bb7 11. O-O Nd7 12. Bg5 h6 13. Be3 e6 14. Qd2 Kh7 15.
f3 Qe7 16. a4 bxa4 17. Rxa4 c5 18. Rfa1 a6 19. Qa2 Rfc8 20. Ra5 cxd4 21. cxd4
Nb6 22. Rb1 Rc6 23. Bf2 Rac8 24. d5 exd5 25. exd5 Rd6 26. Kf1 Qd8 27. Bg3 Rxd5
28. Bxd5 Bxd5 29. Rxd5 Nxd5 1/2-1/2

[Event "Championnat de France - Accession"]
[Site "Nimes"]
[Date "2009.08.13"]
[Round "3.15"]
[White "Buscara, Sevan"]
[Black "Saucey, Michel"]
[Result "1/2-1/2"]
[WhiteElo "2225"]
[BlackElo "2366"]
[Annotator "Rivier,Sylvain"]
[PlyCount "52"]

1. d4 Nf6 2. Nf3 e6 3. Bf4 b6 4. e3 Bb7 5. Bd3 Be7 6. Nbd2 Nh5 7. Bg3 d6 8. Qe2
Nxg3 9. hxg3 h6 10. O-O-O Nd7 11. Kb1 a6 12. e4 b5 13. c4 c6 14. g4 e5 15. dxe5
dxe5 16. Nb3 Qb6 17. Rc1 b4 18. c5 Bxc5 19. Nxe5 Nxe5 20. Rxc5 Nd7 21. Rf5 g6
22. Ra5 Kf8 23. g5 Kg7 24. gxh6+ Rxh6 25. Rxh6 Kxh6 26. e5 Qd4 {suite illisible
} 1/2-1/2

[Event "Championnat de France - Accession"]
[Site "Nimes"]
[Date "2009.08.13"]
[Round "3.16"]
[White "Favarel, Antoine"]
[Black "Grimberg, Gilbert"]
[Result "1-0"]
[WhiteElo "2213"]
[BlackElo "2336"]
[PlyCount "91"]

1. e4 e6 2. d4 d5 3. Nd2 Nc6 4. Ngf3 Nf6 5. e5 Nd7 6. Bb5 Ncb8 7. O-O b6 8. Re1
Ba6 9. Bxa6 Nxa6 10. c4 c6 11. Qe2 Nc7 12. Nf1 Be7 13. Be3 O-O 14. Rac1 Rc8 15.
Ng3 dxc4 16. Rxc4 Nd5 17. Rec1 Nb8 18. a3 Re8 19. Ne4 h6 20. Nfd2 Qd7 21. R4c2
f5 22. exf6 Nxf6 23. Nxf6+ Bxf6 24. Qg4 h5 25. Qxh5 Bxd4 26. Bxd4 Qxd4 27. Nf3
Qf6 28. Ng5 Qh6 29. Qf7+ Kh8 30. Qxe8+ Rxe8 31. Nf7+ Kh7 32. Nxh6 gxh6 33. Rd2
Kg6 34. Rcd1 Kf7 35. f3 Ke7 36. Kf2 Rc8 37. b4 c5 38. b5 Rc7 39. a4 Nd7 40. a5
Nf6 41. Re1 bxa5 42. Rde2 Nd5 43. Rxe6+ Kd7 44. Ra6 Nb6 45. Rxa5 Kc8 46. Re6
1-0

[Event "Championnat de France - Accession"]
[Site "Nimes"]
[Date "2009.08.13"]
[Round "3.17"]
[White "Villegas, Pierre"]
[Black "Rouler, Charly"]
[Result "0-1"]
[WhiteElo "2202"]
[BlackElo "2335"]
[PlyCount "48"]

1. d4 Nf6 2. c4 g6 3. Nc3 Bg7 4. e4 d6 5. f3 Nc6 6. Nge2 a6 7. Be3 Rb8 8. Nc1
e5 9. d5 Nd4 10. N1e2 c5 11. dxc6 bxc6 12. Nxd4 exd4 13. Bxd4 c5 14. Bxf6 Bxf6
15. Qd2 O-O 16. b3 Bd4 17. Bd3 Qh4+ 18. Kf1 Bd7 19. Rc1 f5 20. exf5 Bxf5 21.
Bxf5 Rxf5 22. Nd5 Re8 23. f4 Rxd5 24. cxd5 Be3 0-1

[Event "Championnat de France - Accession"]
[Site "Nimes"]
[Date "2009.08.13"]
[Round "3.18"]
[White "Kassis, Antoine"]
[Black "Song, Julien"]
[Result "0-1"]
[WhiteElo "2183"]
[BlackElo "2319"]
[PlyCount "77"]

1. d4 Nf6 2. c4 e6 3. Nc3 d5 4. cxd5 exd5 5. Bg5 c6 6. Qc2 Be7 7. e3 Nbd7 8.
Bd3 O-O 9. Nge2 Re8 10. f3 Nf8 11. O-O Be6 12. Rad1 Rc8 13. e4 dxe4 14. fxe4
Ng4 15. Bxe7 Qxe7 16. Qd2 c5 17. d5 Bd7 18. h3 Ne5 19. Rf2 Nfg6 20. Rdf1 c4 21.
Bc2 Qc5 22. Kh1 b5 23. Ng3 b4 24. Nce2 c3 25. bxc3 bxc3 26. Qg5 f6 27. Qh5 Nc4
28. Nf5 Bxf5 29. exf5 Nf8 30. Nxc3 Ne3 31. Ne4 Qe7 32. d6 Qd7 33. Bb3+ Kh8 34.
Re1 Rxe4 35. Rfe2 Nxf5 36. Rxe4 Ng3+ 37. Kg1 Nxh5 38. Ba4 Qxd6 39. Re8 0-1

[Event "Championnat de France - Accession"]
[Site "Nimes"]
[Date "2009.08.13"]
[Round "3.19"]
[White "Meynard, Thibault"]
[Black "Stephan, Victor"]
[Result "0-1"]
[WhiteElo "2288"]
[BlackElo "2198"]
[PlyCount "94"]

1. d4 Nf6 2. c4 g6 3. Nc3 Bg7 4. e4 d6 5. Nf3 O-O 6. Be2 Na6 7. O-O e5 8. dxe5
dxe5 9. Bg5 Qe8 10. h3 Nc5 11. Qc2 c6 12. Be3 Nfd7 13. b4 Ne6 14. Rad1 f5 15.
exf5 gxf5 16. c5 e4 17. Nd4 Ne5 18. f4 Ng6 19. Bc4 Kh8 20. Nde2 Rg8 21. Qb3 Bf6
22. Kh1 Nh4 23. g3 Nf3 24. Rf2 Qh5 25. Kg2 Nh4+ 26. Kf1 Nf3 27. h4 Qg4 28. Bxe6
Qh3+ 29. Rg2 Nxh4 30. Rd6 Qxg2+ 31. Ke1 Nf3+ 32. Kd1 Bxe6 33. Qxe6 Bg7 34. Qxf5
a5 35. bxa5 Rxa5 36. a4 Rxa4 37. Kc2 Ra3 38. Rd2 Nxd2 39. Bxd2 e3 40. Ne4 exd2
41. Nf6 d1=Q+ 42. Kxd1 Rd8+ 43. Kc1 Ra1+ 44. Kc2 Qxe2+ 45. Kc3 Ra3+ 46. Kb4
Qb2+ 47. Kc4 Qc3# 0-1

[Event "Championnat de France - Accession"]
[Site "Nimes"]
[Date "2009.08.13"]
[Round "3.20"]
[White "Velten, Paul"]
[Black "Sochacki, Christophe"]
[Result "0-1"]
[WhiteElo "2153"]
[BlackElo "2274"]
[PlyCount "82"]

1. e4 c5 2. Nf3 d6 3. Nc3 Nf6 4. Bc4 Nc6 5. h3 g6 6. O-O Bg7 7. d3 O-O 8. Bg5
h6 9. Be3 Qa5 10. Qc1 Kh7 11. Nh2 Bd7 12. f4 Nd4 13. a4 Qxc3 14. bxc3 Ne2+ 15.
Kf2 Nxc1 16. Rfxc1 Bc6 17. e5 Nd7 18. d4 Nb6 19. Bb5 Bxb5 20. axb5 Nd5 21. Ra3
dxe5 22. dxe5 f6 23. e6 f5 24. Bxc5 Nxc3 25. Re1 Ne4+ 26. Rxe4 fxe4 27. Ke3 b6
28. Bxe7 Rfe8 29. Bb4 Rxe6 30. Ng4 Bb2 31. Rb3 Bc1+ 32. Bd2 Bxd2+ 33. Kxd2 Rd8+
34. Ke3 Rc8 35. Ra3 Re7 36. c3 Rc5 37. Rb3 g5 38. g3 gxf4+ 39. gxf4 Kg6 40.
Ne5+ Kf5 41. Nc6 Rc7 0-1

[Event "Championnat de France - Accession"]
[Site "Nimes"]
[Date "2009.08.13"]
[Round "3.21"]
[White "Ozenne, Corentin"]
[Black "Carpentier, Pierre"]
[Result "0-1"]
[WhiteElo "1996"]
[BlackElo "2247"]
[PlyCount "86"]

1. d4 Nf6 2. c4 g6 3. Nc3 Bg7 4. e4 d6 5. Be2 O-O 6. Nf3 e5 7. O-O exd4 8. Nxd4
Re8 9. f3 Nc6 10. Nc2 Ne5 11. Bg5 h6 12. Be3 g5 13. Qd2 Be6 14. b3 Nh5 15. Rac1
Kh7 16. Nd4 a6 17. Rfd1 Rg8 18. g4 Nf4 19. Nd5 Neg6 20. Nxf4 gxf4 21. Bf2 Be5
22. Kh1 Qf6 23. Qe1 c5 24. Nf5 h5 25. gxh5 Bxf5 26. exf5 Ne7 27. Bh4 Qg7 28.
Qf2 f6 29. Bf1 Nc6 30. Bh3 Bd4 31. Qg2 Qf7 32. Bg4 Ne5 33. h3 Rae8 34. Bf2 Nc6
35. Rd2 Re5 36. Re1 Qe7 37. Re4 Bxf2 38. Rxf2 Nd4 39. Rxf4 Re1+ 40. Kh2 Qe5 41.
Qg3 Ne2 42. Rxe2 Rxe2+ 43. Kh1 Qa1+ 0-1

[Event "Championnat de France - Accession"]
[Site "Nimes"]
[Date "2009.08.13"]
[Round "3.22"]
[White "Lutz, Eric"]
[Black "Serralta, Michel"]
[Result "1-0"]
[WhiteElo "2245"]
[BlackElo "2137"]
[PlyCount "75"]

1. d4 Nf6 2. c3 g6 3. Bg5 Bg7 4. Nd2 d6 5. e3 Nc6 6. Bc4 h6 7. Bh4 d5 8. Bb5
Bd7 9. Ngf3 O-O 10. Bd3 Qc8 11. Ne5 Bf5 12. Bb5 Nd8 13. f3 c6 14. Ba4 Nd7 15.
g4 Nxe5 16. dxe5 Bd7 17. Bg3 f6 18. exf6 Bxf6 19. Bc2 Kg7 20. Qe2 e5 21. h4 Ne6
22. O-O-O Qe8 23. Qh2 Rh8 24. Bxe5 Qf7 25. Bxf6+ Qxf6 26. f4 Nc5 27. Qg2 Rae8
28. Rde1 h5 29. f5 hxg4 30. Qxg4 Bxf5 31. Bxf5 Qxf5 32. Qd4+ Qf6 33. Qxc5 Rxh4
34. Rxh4 Qxh4 35. Qd4+ Qxd4 36. cxd4 g5 37. Nf3 g4 38. Ne5 1-0

[Event "Championnat de France - Accession"]
[Site "Nimes"]
[Date "2009.08.13"]
[Round "3.23"]
[White "Migot, Tangi"]
[Black "Frederic, Clement"]
[Result "1-0"]
[WhiteElo "2114"]
[BlackElo "2235"]
[PlyCount "73"]

1. e4 e6 2. d4 d5 3. Nc3 Nf6 4. e5 Nfd7 5. f4 c5 6. Nf3 Nc6 7. Be3 Qb6 8. Na4
Qa5+ 9. c3 c4 10. b4 Qc7 11. g3 Be7 12. Bh3 Nf8 13. O-O b6 14. Nb2 Bd7 15. a4
h6 16. Ne1 g6 17. Qf3 O-O-O 18. Nc2 Nh7 19. Bf2 g5 20. Be3 f5 21. Bg2 Rdg8 22.
Rfd1 h5 23. Na3 h4 24. Nb5 Qb7 25. Nxc4 dxc4 26. d5 exd5 27. Qxd5 Rg6 28. a5 a6
29. axb6 Rd8 30. Na7+ Kb8 31. b5 axb5 32. Nxb5 Be8 33. Qxc4 Rxd1+ 34. Rxd1 gxf4
35. Qxf4 Nf8 36. e6+ Kc8 37. Na7+ 1-0

[Event "Championnat de France - Accession"]
[Site "Nimes"]
[Date "2009.08.13"]
[Round "3.24"]
[White "Lamard, Guillaume"]
[Black "Manoeuvre, Antoine"]
[Result "1/2-1/2"]
[WhiteElo "2101"]
[BlackElo "2232"]
[PlyCount "43"]

1. d4 Nf6 2. c4 g6 3. Nc3 Bg7 4. e4 d6 5. Nf3 O-O 6. Be2 e5 7. Be3 exd4 8. Nxd4
Re8 9. Qc2 Ng4 10. Bxg4 Bxg4 11. h3 Bd7 12. O-O a5 13. a3 Nc6 14. Nf3 Qc8 15.
Bg5 h6 16. Bh4 f5 17. exf5 Bxf5 18. Qd2 Rf8 19. Qd5+ Be6 20. Qe4 Bf5 21. Qd5+
Be6 22. Qe4 1/2-1/2

[Event "Championnat de France - Accession"]
[Site "Nimes"]
[Date "2009.08.13"]
[Round "3.25"]
[White "Weill, Roland"]
[Black "Lebreton, Flavien"]
[Result "1/2-1/2"]
[WhiteElo "2227"]
[BlackElo "2012"]
[PlyCount "96"]

1. Nf3 d5 2. g3 Nf6 3. Bg2 c5 4. O-O Nc6 5. c4 e6 6. cxd5 exd5 7. d4 Be7 8. Nc3
O-O 9. dxc5 Bxc5 10. Bg5 Be6 11. Rc1 Be7 12. Nd4 h6 13. Bxf6 Bxf6 14. Nxe6 fxe6
15. Qa4 Qb6 16. Rc2 Rf7 17. Qg4 Ne5 18. Qh5 Kh7 19. e3 Raf8 20. Qe2 Nc6 21. Na4
Qa5 22. Nc5 Nb4 23. a3 Nxc2 24. Qxc2+ Kg8 25. Nxe6 Re8 26. Nf4 Rd7 27. Rd1 d4
28. Qc4+ Kh8 29. h4 Red8 30. Ng6+ Kh7 31. Be4 Rc7 32. Qe6 Qb6 33. Ne7+ Kh8 34.
Qf5 g6 35. Nxg6+ Kg7 36. Nf4 Rd6 37. Qg6+ Kf8 38. Nd5 Rxd5 39. Bxd5 Rg7 40.
Qxh6 dxe3 41. fxe3 Qd6 42. Qf4 Qxf4 43. exf4 Rxg3+ 44. Kf2 Bxh4 45. Rh1 Rh3+
46. Ke2 Rxh1 47. Bxh1 b6 48. Kd3 a5 1/2-1/2

[Event "Championnat de France - Accession"]
[Site "Nimes"]
[Date "2009.08.13"]
[Round "3.26"]
[White "Rabineau, Clement"]
[Black "Poignot, Quentin"]
[Result "1/2-1/2"]
[WhiteElo "2263"]
[BlackElo "2183"]
[PlyCount "49"]

1. e4 c5 2. Nc3 d6 3. Nf3 Nf6 4. d4 cxd4 5. Nxd4 g6 6. Be3 Bg7 7. f3 O-O 8. Qd2
Nc6 9. Bc4 Bd7 10. O-O-O Rc8 11. Bb3 Ne5 12. h4 h5 13. g4 hxg4 14. h5 Nxh5 15.
Bh6 e6 16. Rdg1 Qf6 17. Bxg7 Qxg7 18. fxg4 Nf6 19. g5 Nh5 20. Nf5 exf5 21. Nd5
Nf3 22. Rxh5 gxh5 23. Nf6+ Kh8 24. Qe3 fxe4 25. Rh1 1/2-1/2

[Event "Championnat de France - Accession"]
[Site "Nimes"]
[Date "2009.08.13"]
[Round "3.27"]
[White "Jolly, Jean-Francois"]
[Black "Forgues, Fabien"]
[Result "1-0"]
[WhiteElo "2366"]
[BlackElo "2184"]
[PlyCount "39"]

1. d4 Nf6 2. c4 e6 3. Nc3 Bb4 4. Qc2 c5 5. dxc5 O-O 6. a3 Bxc5 7. Nf3 Qc7 8.
Bg5 Be7 9. e3 Na6 10. Bd3 h6 11. h4 d6 12. O-O-O b6 13. Nd4 Bb7 14. f4 Nc5 15.
Nb3 Ncd7 16. Qe2 Rfe8 17. Kb1 Bf8 18. Rh3 hxg5 19. Bh7+ Kh8 20. hxg5 1-0

[Event "Championnat de France - Accession"]
[Site "Nimes"]
[Date "2009.08.13"]
[Round "3.28"]
[White "Ravot, Sylvain"]
[Black "Jeanne, Mickael"]
[Result "1-0"]
[WhiteElo "2276"]
[BlackElo "2148"]
[PlyCount "95"]

1. e4 e6 2. d4 d5 3. Nd2 Nf6 4. e5 Nfd7 5. c3 c5 6. Bd3 Nc6 7. Ndf3 cxd4 8.
cxd4 f6 9. exf6 Nxf6 10. Nh3 Bd6 11. O-O O-O 12. Re1 Qc7 13. Nhg5 h6 14. Nxe6
Bxe6 15. Rxe6 Ng4 16. Rg6 Bxh2+ 17. Kf1 Qd7 18. Bxh6 Nxh6 19. Nxh2 Qf7 20. Qf3
Nxd4 21. Qxf7+ Kxf7 22. Rg5 Rad8 23. Rc1 Rd7 24. Rd1 Rfd8 25. Bb1 Nc6 26. Nf3
Ng8 27. Rg3 Nf6 28. Ng5+ Kg8 29. Bf5 Re7 30. Be6+ Kf8 31. Rf3 Rd6 32. Nh7+ Ke8
33. Nxf6+ gxf6 34. Bxd5 Red7 35. Re1+ Kd8 36. Be6 Rh7 37. Bh3 Ne5 38. Rc3 Nc6
39. Rcc1 Kc7 40. Red1 Rh5 41. Rxd6 Kxd6 42. Rd1+ Rd5 43. Rxd5+ Kxd5 44. Bc8 Nb4
45. a3 Nd3 46. Bxb7+ Kd4 47. b4 Kc3 48. Ke2 1-0

[Event "Championnat de France - Accession"]
[Site "Nimes"]
[Date "2009.08.13"]
[Round "3.29"]
[White "Salus, Stephane"]
[Black "Dijoux, Frederic"]
[Result "1/2-1/2"]
[WhiteElo "2218"]
[BlackElo "2152"]
[PlyCount "36"]

1. c4 e5 2. Nc3 Nc6 3. a3 g6 4. e3 Bg7 5. Nf3 Nf6 6. d3 O-O 7. Be2 d6 8. O-O
Re8 9. Qc2 h6 10. Rb1 g5 11. b4 Bf5 12. b5 Ne7 13. Ne4 Bg6 14. Nxf6+ Bxf6 15.
Nd2 Bg7 16. e4 f5 17. Bb2 Rf8 18. Qd1 Qd7 1/2-1/2

[Event "Championnat de France - Accession"]
[Site "Nimes"]
[Date "2009.08.13"]
[Round "3.30"]
[White "Ber, Yves"]
[Black "Depoorter, Enguerran"]
[Result "1/2-1/2"]
[WhiteElo "2040"]
[BlackElo "2207"]
[PlyCount "78"]

1. d4 Nf6 2. c4 e6 3. Nc3 Bb4 4. Nf3 b6 5. a3 Bxc3+ 6. bxc3 Ne4 7. Qc2 Bb7 8.
Nd2 f5 9. h4 d6 10. Nxe4 Bxe4 11. Qa4+ Bc6 12. Qb3 Qf6 13. f3 Nd7 14. Bg5 Qf7
15. Be3 e5 16. Bf2 f4 17. e4 fxe3 18. Bxe3 O-O 19. Be2 Rae8 20. d5 Bb7 21.
O-O-O a6 22. Qc2 b5 23. Bd3 Nf6 24. h5 e4 25. Bxe4 Nxe4 26. fxe4 bxc4 27. Rde1
c6 28. h6 g6 29. Rh3 cxd5 30. Rf3 Qe6 31. Rxf8+ Rxf8 32. exd5 Bxd5 33. Qb2 Qe4
34. Qb6 Qd3 35. Qd4 Qxd4 36. Bxd4 Kf7 37. Rf1+ Ke7 38. Rxf8 Kxf8 39. g3 Kf7
1/2-1/2

[Event "Championnat de France - Accession"]
[Site "Nimes"]
[Date "2009.08.13"]
[Round "3.31"]
[White "Camus, Berenger"]
[Black "Thet, Sylvain"]
[Result "1-0"]
[WhiteElo "2200"]
[BlackElo "2031"]
[PlyCount "81"]

1. d4 d5 2. c4 c6 3. Nc3 Nf6 4. Nf3 e6 5. c5 Nbd7 6. h3 Qc7 7. Bg5 e5 8. e3 Be7
9. Be2 O-O 10. O-O Re8 11. Qc2 e4 12. Bf4 Qd8 13. Nd2 Nf8 14. f3 Nh5 15. Bh2
Bh4 16. fxe4 Ng3 17. Bxg3 Bxg3 18. Rf3 Qg5 19. Nf1 Bc7 20. e5 Bd8 21. Rg3 Qh6
22. Bg4 Ne6 23. Bf5 f6 24. exf6 Bxf6 25. Nh2 Bh4 26. Ng4 Qh5 27. Rf3 g6 28.
Raf1 Ng7 29. Bxc8 Raxc8 30. e4 Ne6 31. Qd2 Bg5 32. exd5 Qxg4 33. hxg4 Bxd2 34.
dxe6 Rxe6 35. Rf7 Be3+ 36. Kh2 Bxd4 37. Rxb7 Be5+ 38. g3 Rd8 39. Ne4 Rd4 40.
Ng5 Rxg4 41. Nxe6 1-0

[Event "Championnat de France - Accession"]
[Site "Nimes"]
[Date "2009.08.13"]
[Round "3.32"]
[White "Rodier, David"]
[Black "Houard, Yannick"]
[Result "1-0"]
[WhiteElo "2145"]
[BlackElo "2200"]
[PlyCount "69"]

1. d4 d5 2. Nf3 Nf6 3. c4 c6 4. e3 a6 5. Bd3 Bg4 6. Nbd2 Nbd7 7. h3 Bh5 8. Qc2
e6 9. b3 Bd6 10. Bb2 Qb8 11. g4 Bg6 12. Bxg6 hxg6 13. O-O-O Qc7 14. c5 Be7 15.
Kb1 O-O-O 16. Rc1 Rdf8 17. b4 Qb8 18. a4 Ne8 19. b5 axb5 20. axb5 Nc7 21. bxc6
bxc6 22. e4 Nb5 23. Qd3 Bd8 24. Nb3 f5 25. exd5 exd5 26. Ne5 Nxe5 27. dxe5 Qb7
28. Nd4 Nxd4 29. Qxd4 Re8 30. Rc3 Ba5 31. Ra3 Qb4 32. Qd3 Bc7 33. Ka1 Rxe5 34.
Ra8+ Kd7 35. Rxh8 1-0

[Event "Championnat de France - Accession"]
[Site "Nimes"]
[Date "2009.08.13"]
[Round "3.33"]
[White "Glicenstein, Asher"]
[Black "Iwanesko, Alexandre"]
[Result "0-1"]
[WhiteElo "2199"]
[BlackElo "2101"]
[Annotator "Rivier,Sylvain"]
[PlyCount "83"]

1. d4 Nf6 2. c4 c5 3. d5 b5 4. Nc3 b4 5. Nb1 e6 6. f3 exd5 7. cxd5 d6 8. e4 g6
9. Nd2 Bg7 10. Bb5+ Bd7 11. Qa4 O-O 12. Bxd7 Nbxd7 13. Nh3 a5 14. Qc2 a4 15.
Rb1 Nb6 16. Nc4 Nxc4 17. Qxc4 Nd7 18. Bg5 Qb6 19. Qe2 Rfc8 20. Be3 b3 21. a3
Qb7 22. Qc4 Ne5 23. Qe2 c4 24. Nf2 c3 25. O-O c2 26. Rbc1 Nc4 27. Nd3 Nxb2 28.
Nb4 Nc4 29. Bg5 Nxa3 30. Nc6 b2 31. Ne7+ Kh8 32. Nxc8 b1=Q 33. Rxb1 cxb1=Q 34.
Ne7 Q1b2 35. Qe1 f6 36. Bc1 Q2b4 37. Bd2 Qc5+ 38. Be3 Qcc7 39. Nc6 Nc2 40. Qd2
Nxe3 41. Rc1 a3 {suite illisible} 42. Kh1 0-1

[Event "Championnat de France - Accession"]
[Site "Nimes"]
[Date "2009.08.13"]
[Round "3.34"]
[White "Strugnell, Carl"]
[Black "Prodhomme, Boris"]
[Result "1-0"]
[WhiteElo "2280"]
[BlackElo "2183"]
[PlyCount "39"]

1. e4 c5 2. Nc3 Nc6 3. Bb5 d6 4. Bxc6+ bxc6 5. d3 g6 6. f4 Bg7 7. Nf3 Rb8 8.
O-O Qa5 9. Qe1 Nh6 10. Kh1 O-O 11. f5 Ng4 12. Qh4 Nf6 13. Rb1 Qd8 14. Bh6 e6
15. e5 dxe5 16. fxg6 hxg6 17. Bg5 Rb4 18. Ne4 Nxe4 19. Bxd8 Nd2 20. Nxd2 1-0